Sports Quiz

Random Sports or WWE Quiz

WWE Pay-Per-View Matches in 2005 (Part 1) Quiz Stats

 Plays Quiz not verified by Sporcle

Score 0/194 Timer 20:00
0 Plays Today
Pay-Per-View Wrestler % Correct
No Way OutJohn Cena
98.4%
Wrestlemania 21John Cena
98.4%
Judgment DayJohn Cena
98.4%
VengeanceJohn Cena
98.4%
SummerSlamJohn Cena
98.4%
UnforgivenJohn Cena
98.4%
Royal RumbleTriple H
97.8%
New Year's RevolutionTriple H
97.8%
Wrestlemania 21Triple H
97.8%
BacklashTriple H
97.8%
VengeanceTriple H
97.8%
Royal RumbleBatista
97.6%
New Year's RevolutionBatista
97.6%
Wrestlemania 21Batista
97.6%
BacklashBatista
97.6%
VengeanceBatista
97.6%
The Great American BashBatista
97.6%
SummerSlamBatista
97.6%
Royal RumbleEdge
96.3%
New Year's RevolutionEdge
96.3%
Wrestlemania 21Edge
96.3%
BacklashEdge
96.3%
VengeanceEdge
96.3%
SummerSlamEdge
96.3%
UnforgivenEdge
96.3%
Royal RumbleThe Undertaker
96%
No Way OutThe Undertaker
96%
Wrestlemania 21The Undertaker
96%
The Great American BashThe Undertaker
96%
SummerSlamThe Undertaker
96%
New Year's RevolutionKane
95.8%
Wrestlemania 21Kane
95.8%
BacklashKane
95.8%
VengeanceKane
95.8%
Royal RumbleShawn Michaels
95.4%
Royal RumbleRandy Orton
95.4%
New Year's RevolutionRandy Orton
95.4%
New Year's RevolutionChris Jericho
95.4%
Wrestlemania 21Chris Jericho
95.4%
Wrestlemania 21Randy Orton
95.4%
Wrestlemania 21Shawn Michaels
95.4%
BacklashChris Jericho
95.4%
BacklashShawn Michaels
95.4%
ECW One Night StandChris Jericho
95.4%
VengeanceShawn Michaels
95.4%
VengeanceChris Jericho
95.4%
SummerSlamRandy Orton
95.4%
SummerSlamChris Jericho
95.4%
SummerSlamShawn Michaels
95.4%
UnforgivenShawn Michaels
95.4%
New Year's RevolutionChristian
94.9%
Wrestlemania 21Christian
94.9%
VengeanceChristian
94.9%
The Great American BashChristian
94.9%
New Year's RevolutionChris Benoit
94.1%
Wrestlemania 21Chris Benoit
94.1%
BacklashChris Benoit
94.1%
ECW One Night StandChris Benoit
94.1%
The Great American BashChris Benoit
94.1%
SummerSlamChris Benoit
94.1%
Royal RumbleThe Big Show
93.4%
No Way OutThe Big Show
93.4%
Wrestlemania 21The Big Show
93.4%
Judgment DayThe Big Show
93.4%
UnforgivenThe Big Show
93.4%
Pay-Per-View Wrestler % Correct
No Way OutEddie Guerrero
93.2%
Wrestlemania 21Eddie Guerrero
93.2%
Judgment DayEddie Guerrero
93.2%
ECW One Night StandEddie Guerrero
93.2%
The Great American BashEddie Guerrero
93.2%
SummerSlamEddie Guerrero
93.2%
No Way OutRey Mysterio
92.7%
Wrestlemania 21Rey Mysterio
92.7%
Judgment DayRey Mysterio
92.7%
The Great American BashRey Mysterio
92.7%
SummerSlamRey Mysterio
92.7%
Royal RumbleKurt Angle
92.5%
No Way OutKurt Angle
92.5%
Wrestlemania 21Kurt Angle
92.5%
Judgment DayKurt Angle
92.5%
VengeanceKurt Angle
92.5%
SummerSlamKurt Angle
92.5%
UnforgivenKurt Angle
92.5%
No Way OutChavo Guerrero
92%
Judgment DayChavo Guerrero
92%
New Year's RevolutionTrish Stratus
90.1%
Wrestlemania 21Trish Stratus
90.1%
UnforgivenTrish Stratus
90.1%
New Year's RevolutionShelton Benjamin
88.3%
New Year's RevolutionShelton Benjamin
88.3%
Wrestlemania 21Shelton Benjamin
88.3%
BacklashShelton Benjamin
88.3%
VengeanceShelton Benjamin
88.3%
UnforgivenShelton Benjamin
88.3%
SummerSlamMatt Hardy
87.6%
UnforgivenMatt Hardy
87.6%
New Year's RevolutionLita
85.6%
ECW One Night StandBubba Ray Dudley
84.1%
ECW One Night StandD-Von Dudley
84.1%
No Way OutSpike Dudley
83.5%
New Year's RevolutionWilliam Regal
82.6%
BacklashWilliam Regal
82.6%
UnforgivenRic Flair
82.4%
Judgment DayCarlito
80.4%
VengeanceCarlito
80.4%
UnforgivenCarlito
80.4%
No Way OutBooker T
79.7%
Judgment DayBooker T
79.7%
The Great American BashBooker T
79.7%
Royal RumbleJohn Bradshaw Layfield
79.5%
No Way OutJohn Bradshaw Layfield
79.5%
Wrestlemania 21John Bradshaw Layfield
79.5%
Judgment DayJohn Bradshaw Layfield
79.5%
The Great American BashJohn Bradshaw Layfield
79.5%
SummerSlamJohn Bradshaw Layfield
79.5%
BacklashHulk Hogan
78.4%
SummerSlamHulk Hogan
78.4%
New Year's RevolutionEugene
74%
SummerSlamEugene
74%
Judgment DayJohnny Nitro
73.7%
The Great American BashJohnny Nitro
73.7%
Judgment DayJoey Mercury
72.9%
The Great American BashJoey Mercury
72.9%
Judgment DayCharlie Haas
71.3%
BacklashTajiri
71.1%
ECW One Night StandTajiri
71.1%
No Way OutPaul London
70.4%
Judgment DayPaul London
70.4%
BacklashThe Hurricane
70%
UnforgivenThe Hurricane
70%
Pay-Per-View Wrestler % Correct
Judgment DayOrlando Jordan
68.9%
ECW One Night StandTommy Dreamer
68.9%
The Great American BashOrlando Jordan
68.9%
SummerSlamOrlando Jordan
68.9%
ECW One Night StandLance Storm
68.2%
BacklashRosey
67.8%
UnforgivenRosey
67.8%
New Year's RevolutionTyson Tomko
67.1%
ECW One Night StandThe Sandman
66.7%
UnforgivenChris Masters
66.5%
New Year's RevolutionMuhammad Hassan
64.9%
BacklashMuhammad Hassan
64.9%
Judgment DayHardcore Holly
64.9%
The Great American BashMuhammad Hassan
64.9%
No Way OutDoug Basham
64.7%
No Way OutDanny Basham
64.7%
Royal RumbleHeidenreich
64.5%
No Way OutHeidenreich
64.5%
Judgment DayHeidenreich
64.5%
The Great American BashHeidenreich
64.5%
The Great American BashTorrie Wilson
63.3%
UnforgivenTorrie Wilson
63.3%
New Year's RevolutionSnitsky
63.1%
UnforgivenSnitsky
63.1%
Wrestlemania 21Christy Hemme
62.9%
VengeanceChristy Hemme
62.9%
ECW One Night StandSuper Crazy
62.7%
The Great American BashSuper Crazy
62.7%
The Great American BashRoad Warrior Animal
62%
VengeanceVictoria
61.8%
UnforgivenVictoria
61.8%
UnforgivenLance Cade
61.2%
New Year's RevolutionMaven
60.9%
New Year's RevolutionMaven
60.9%
BacklashMaven
60.9%
UnforgivenTrevor Murdoch
60.3%
The Great American BashMelina
57.6%
BacklashRobert Conway
57.4%
ECW One Night StandSabu
57.4%
BacklashDaivari
56.3%
BacklashSylvain Grenier
54.8%
Wrestlemania 21Akebono
54.1%
ECW One Night StandRhyno
53.6%
New Year's RevolutionJerry Lawler
53%
No Way OutFunaki
52.3%
ECW One Night StandMike Awesome
51.9%
BacklashViscera
50.3%
ECW One Night StandMasato Tanaka
46.3%
No Way OutLuther Reigns
45.5%
The Great American BashPsicosis
45%
ECW One Night StandLittle Guido
43.5%
The Great American BashJuventud
42.6%
BacklashSimon Dean
42.2%
The Great American BashThe Blue Meanie
42.2%
No Way OutShannon Moore
38.6%
No Way OutAkio
36.4%
The Great American BashHollywood Nova
36.4%
BacklashRomeo
32.4%
UnforgivenAshley Massaro
32%
BacklashAntonio
31.3%
The Great American BashBig Stevie Cool
30%
ECW One Night StandPsychosis
24.9%
UnforgivenKerwin White
19.4%
ECW One Night StandRey Misterio Jr.
18.1%

You're not logged in!

Compare scores with friends on all Sporcle quizzes.
OR
Log In

Show Comments

Extras

Top Quizzes Today


Score Distribution

Your Account Isn't Verified!

In order to create a playlist on Sporcle, you need to verify the email address you used during registration. Go to your Sporcle Settings to finish the process.

Report this User

Report this user for behavior that violates our Community Guidelines.

Details: